Das Bildnis des Dorian Gray : (Record no. 125441)
[ view plain ]
| 000 -LEADER | |
|---|---|
| fixed length control field | 00598cam a2200217M 4500 |
| 001 - CONTROL NUMBER | |
| control field | 6069835 |
| 003 - CONTROL NUMBER IDENTIFIER | |
| control field | ARRUPE |
| 005 - DATE AND TIME OF LATEST TRANSACTION | |
| control field | 20161007101050.0 |
| 008 - FIXED-LENGTH DATA ELEMENTS--GENERAL INFORMATION | |
| fixed length control field | 920821q18541974fr 000 0 ger d |
| 035 ## - SYSTEM CONTROL NUMBER | |
| System control number | (OCoLC)ocm70365227 |
| 035 ## - SYSTEM CONTROL NUMBER | |
| System control number | (NNC)6069835 |
| 035 ## - SYSTEM CONTROL NUMBER | |
| System control number | (OCoLC)70365227 |
| 040 ## - CATALOGING SOURCE | |
| Original cataloging agency | UAB |
| Transcribing agency | UAB |
| Modifying agency | ZCU |
| 300 ## - PHYSICAL DESCRIPTION | |
| Dimensions | 19 cm. |
| 100 1# - MAIN ENTRY--PERSONAL NAME | |
| Personal name | Wilde, Oscar, |
| Dates associated with a name | 1854-1900. |
| 9 (RLIN) | 26543 |
| 245 14 - TITLE STATEMENT | |
| Title | Das Bildnis des Dorian Gray : |
| Statement of responsibility, etc | Oscar Wilder |
| 260 ## - PUBLICATION, DISTRIBUTION, ETC. (IMPRINT) | |
| Place of publication, distribution, etc | Wolvesberg, |
| Name of publisher, distributor, etc | Eduard kaiser Verlag |
| Date of publication, distribution, etc | [n.d.] |
| 300 ## - PHYSICAL DESCRIPTION | |
| Extent | 263 p. |
| 504 ## - BIBLIOGRAPHY, ETC. NOTE | |
| Bibliography, etc | "L'année bibliographique." |
| 942 ## - ADDED ENTRY ELEMENTS (KOHA) | |
| Source of classification or shelving scheme | Library of Congress Classification |
| Koha item type | Monograph ( Printed materials) |
| Withdrawn status | Lost status | Source of classification or shelving scheme | Damaged status | Not for loan | Collection code | Home library | Current library | Shelving location | Date acquired | Total Checkouts | Full call number | Barcode | Date last seen | Price effective from | Koha item type |
|---|---|---|---|---|---|---|---|---|---|---|---|---|---|---|---|
| Library of Congress Classification | Main Collection | ARRUPE LIBRARY | ARRUPE LIBRARY | Main Collection | 07/10/2016 | PR5819 | 46500010615 | 07/10/2016 | 07/10/2016 | Monograph ( Printed materials) |